000 00446nam a2200169Ia 4500
003 GCL
008 140319s9999 xx 000 0 ara d
040 _aGCL /
_cGCL
082 0 4 _a808.82
_bر ل
100 1 _aرؤوف مسعد
245 1 0 _aلومبا والنفق (مسرحيتان) /
_cرؤوف مسعد
300 _a118 ص
490 _a
650 0 4 _aالمسرحيات
650 0 4 _aالمسرحيات العربية
942 _2ddc
_cBK
999 _c39740
_d39740